000 00618nam a2200217Ia 4500
003 GCL
008 140319s9999 xx 000 0 ara d
040 _aGCL /
_cGCL
082 0 4 _a327.620532
_bف ع
100 1 _aفتحى الديب
245 1 0 _aعبدالناصر وحركة التحرير اليمنى /
_cفتحى الديب
260 _a[S.N] :
_bدار المستقبل العربى ،
_c1990
300 _a135 ص
490 _a
650 0 4 _aمصر
650 0 4 _aاليمن
650 0 4 _aالثورات
650 0 4 _aتاريخ حديث
650 0 4 _aجمال عبدالناصر
942 _2ddc
_cBK
999 _c55058
_d55058